000 00908nab a2200265 u 4500
001 21431
003 HDC
007 cr bn ---aaaaa
008 210308b2017mmddmy d||ne||||| 00| 0 may d
040 _aHDC
100 _aNabila Yasmin Razib
_97621
245 0 _aPengimport daging langgar permit
_c/ Nabila Yasmin Razib
260 _aMalaysia:
_bMedia Mulia,
_c2017
300 _a1 online resource (page 16)
336 _atext
_2rdacontent
337 _acomputer
_2rdamedia
338 _aonline resource
_2rdacarrier
650 _aBusiness enterprise
_xCapital investments
_918965
650 _aSmall business
_xCapital investments
_918964
710 _aUtusan Malaysia
856 _zRequest full-text at [email protected]
942 _2lcc
942 _cNEWS
942 _kNWSC 002716
999 _c18747
_d18747